000 03178cam a22005654i 4500
003 PE-LiUPU
005 20250731173038.0
008 140519s2014 miua rb 001 0 eng d
020 _a0801097436
020 _a9780801097430
035 _a(Sirsi) i9780801097430
035 _a(OCoLC)879915834
040 _aYDXCP
_bspa
_cYDXCP
_dBTCTA
_dBDX
_dOCLCQ
_dOEM
_dOCLCQ
_dOCLCO
_dOCLCF
_dSGB
_dPE-LiUPU
_erda
049 _aPRUA
082 0 4 _a220.601
_bB28
_222
100 1 _aBauer, David R.,
_eautor.
245 1 0 _aInductive Bible study :
_ba comprehensive guide to the practice of hermeneutics /
_cDavid R. Bauer, Robert A. Traina ; Eugene H. Peterson.
264 1 _aGrand Rapids, USA :
_bBaker Academic,
_c2014.
300 _axvi, 446 páginas :
_bilustraciones ;
_c23 centímetros
336 _atext
_2rdacontent
337 _aunmediated
_2rdamedia
338 _avolume
_2rdacarrier
504 _aBibliografía : páginas 405-432.
504 _aÍndice : páginas 433-446.
505 0 0 _tTheoretical foundations. Inductive study --
_tTransjective study --
_tIntentional and rational study --
_tRe-creative study --
_tDirect study --
_tComprehensive and integrated study --
_tIndividual and communal study --
_tCompositional book study --
_tCanonical study --
_tFlexible procedural study --
_tObserving and asking. Survey of books-as-wholes --
_tSurvey of parts-as-wholes (divisions, sections, segments) --
_tFocused observation --
_tAnswering or interpreting. Selecting questions and formulating premises --
_tDrawing inferences from the premises --
_tImplementing interpretation --
_tEvaluating and appropriating. Description of evaluation and appropriation --
_tImplementing evaluation and appropriation --
_tCorrelation. Character and practice of correlation --
_tImplementing correlation --
_tEpilogue --
_tAppendix A. General discussion of induction and deduction --
_tAppendix B. Presuppositions in contemporary hermeneutical discussion --
_tAppendix C. Selectivity --
_tAppendix D. The use of original-language resources --
_tAppendix E. Critical methods in inductive Bible study --
_tAppendix F. Logical outlines.
526 _aSEG42
526 _aSEG41
526 _aSEG40
526 _aSEG39
526 _aP94
526 _aP87
526 _aP86
526 _aP85
526 _aP77
526 _aP76
526 _aP35
630 0 4 _aBiblia
_xHermenéutica.
630 0 4 _aBiblia
_xStudio y enseñanza.
630 0 7 _aBible.
_2fast
_0(OCoLC)fst01356024
650 7 _aHermeneutics.
_2fast
_0(OCoLC)fst00955492
650 7 _aStudy skills.
_2fast
_0(OCoLC)fst01136216
700 1 _aTraina, Robert A.
_q( Robert Angelo),
_d1921- ,
_eautor.
910 _adbm
_bebj
_cebj
_d20171214
942 _2ddc
_cBOOK
949 _a220.601 B28
_wDEWEY
_c1
_i77564
_lCATALOGING
_mBUL
_p20.00
_r0
_sY
_tBOOK
_u2017-12-14
_xPOSGRADO
_PP85
_0DONACION
_o.STAFF. Colección Teología.
994 _aC0
_bPEPRU
596 _a1
999 _a220.601 B28
_wDEWEY
_c26196
_i77564
_d26196
_e2018-8-22
_f2021-11-9
_g4
_lCCODEBUL1
_mBUL
_n1
_p20.00
_r0
_sY
_tBOOK
_u2017-12-14
_xTEOLOGIA
_PP85
_0DONACION
_o.STAFF. Colección Teología.
980 _81
_gALBERTO SANCHEZ Responsable de Automatización